Política montpensierista : (Record no. 160842)
[ view plain ]
| 000 -LEADER | |
|---|---|
| campo de control de longitud fija | 01274nam a22002655i 4500 |
| 001 - NÚMERO DE CONTROL | |
| campo de control | 160842 |
| 003 - IDENTIFICADOR DE NÚMERO DE CONTROL | |
| campo de control | ES-MaACL |
| 005 - FECHA Y HORA DE LA ÚLTIMA TRANSACCIÓN | |
| campo de control | 20250812173931.0 |
| 008 - DATOS DE LONGITUD FIJA--INFORMACIÓN GENERAL | |
| campo de control de longitud fija | 990520s1870 sp |||| | spa d |
| 080 ## - NÚMERO DE LA CLASIFICACIÓN DECIMAL UNIVERSAL | |
| Número de la Clasificación Decimal Universal | 94(460)"1843/73" |
| 080 ## - NÚMERO DE LA CLASIFICACIÓN DECIMAL UNIVERSAL | |
| Número de la Clasificación Decimal Universal | 32:929 Montpensier, Antonio María Felipe Luis de Orleáns, Duque de |
| 100 1# - ENTRADA PRINCIPAL--NOMBRE DE PERSONA | |
| Nombre de persona | Nuñez de Prado, Manuel. |
| 9 (RLIN) | 130556 |
| 245 10 - MENCIÓN DEL TÍTULO | |
| Título | Política montpensierista : |
| Resto del título | colección de artículos que con este título ha publicado en el periódico La Opinión nacional D. Manuel Nuñez de Prado. |
| 250 ## - MENCION DE EDICION | |
| Mención de edición | 2ª ed. |
| Resto de la mención de edición | esmeradamente corr. y precedida de una dedicatoria al Duque de Montpensier y un prólogo del mismo autor. |
| 260 ## - PUBLICACIÓN, DISTRIBUCIÓN, ETC. | |
| Lugar de publicación, distribución, etc. | Madrid : |
| Nombre del editor, distribuidor, etc. | [s.n.], |
| Fecha de publicación, distribución, etc. | 1870 ( |
| Fabricante | Imp. de Nicanor Pérez Zuloaga) |
| 300 ## - DESCRIPCIÓN FÍSICA | |
| Extensión | 113 p. ; |
| Dimensiones | 22 cm. |
| 510 4# - NOTA DE CITAS O REFERENCIAS BIBLIOGRÁFICAS | |
| Nombre de la fuente | Palau, |
| Localización dentro de la fuente | T. XI, 197446 |
| 530 ## - NOTA DISPONIBLE DE FORMULARIO FÍSICO ADICIONAL | |
| Nota de formato físico adicional disponible | Disponible en formato digital. |
| 600 17 - PUNTO DE ACCESO ADICIONAL DE MATERIA--NOMBRE DE PERSONA | |
| Nombre de persona | Montpensier, Antonio María Felipe Luis de Orleáns, |
| Títulos y otros términos asociados al nombre | Duque de, |
| Fechas asociadas al nombre | 1824-1890- |
| Subdivisión general | Pensamiento político |
| Fuente del encabezamiento o término | |
| 9 (RLIN) | 140426 |
| 651 #4 - PUNTO DE ACCESO ADICIONAL DE MATERIA--NOMBRE GEOGRÁFICO | |
| Nombre geográfico | España- |
| Subdivisión general | Historia- |
| Subdivisión cronológica | 1843-1873. |
| 9 (RLIN) | 8258 |
| 740 32 - ENTRADA AGREGADA--TÍTULO RELACIONADO/ANALÍTICO NO CONTROLADO | |
| Título relacionado o analítico no controlado | La Opinión nacional. |
| 852 ## - LOCALIZACIÓN | |
| Ubicación | ES-MaACL |
| Número de control de estantería | E-13126 |
| Nota libre | - Enc. piel |
| -- | - Dedicatoria autógrafa del autor |
| 856 ## - LOCALIZACIÓN Y ACCESO ELECTRÓNICOS | |
| Identificador Uniforme de Recursos | <a href="https://binadi.navarra.es/registro/00013421 ">https://binadi.navarra.es/registro/00013421 </a> |
| Nota pública | Biblioteca Navarra Digital |
| Estatus retirado | Estado de pérdida | Estado de daño | No para préstamo | Colección | Biblioteca de origen | Biblioteca actual | Ubicación en estantería | Fecha de adquisición | Total de préstamos | Signatura topográfica completa | Código de barras | Visto por última vez | Precio de reemplazo | Tipo de ítem Koha |
|---|---|---|---|---|---|---|---|---|---|---|---|---|---|---|
| Colección digital | Biblioteca del Ateneo de Madrid | Biblioteca del Ateneo de Madrid | Depósito 2 | 17/01/2008 | E-13126 | 1168439 | 23/02/2023 | 23/02/2023 | Libro impreso antiguo |
